1043 1389 1973 1858 1973 1059 1799 1662 1525 1907 1576 1071 1131 1155 1123 1427 1461 1344 1439 1322 1059 1119 1486 1726 1273 1192 1927 1478 1805 1379 1372 1095 1623 1266 1642 1472 1970 1560 1372 1465 1919 1496 1922 1902 1607 1655 1086 1812 1189 1771 1667 1534 1835 1091 1379 1853 1215 1141 1322 1863 1324 1908 1267 1120 1799 1289 1133 1102 1916 1174 1752 1592 1375 1103 1776 1626 1484 1511 1253 1208 1522 1518 1320 1623 1815 1531 1824 1533 1855 1897 1602 1731 1056 1837 1875 1362 1542 1052 1500 BCNSPRNW ULIB Ver.6.0+V

เปลี่ยนเป็นภาษาไทย

Change to English
 แสดงรายละเอียดบรรณานุกรม
  กลับหน้าหลัก

Brief Record : Get Marc (ISO 2709) : E-mail record : QR code < ปิดหน้าต่าง
LEADER : 00000nam 2200000uu 4500
001    13399121041
003     ULIB
008    121031s2551||||th 000 0 tha d
099    วจ.BF637^bม511ป
100 0  มาลี เกื้อนพกุล, อรอนงค์ ทวนพรมราช และอภิญญา เพียรเจริญ
245 00 ปัจจัยที่มีอิทธิพลต่อความสุขในการทำงานของบุคลากรวิทยาลัยพยาบาลบรมราชชนนี กรุงเทพ^cมาลี เกื้อนพกุล, อรอนงค์ ทวนพรมราช และอภิญญา เพียรเจริญ
260    กรุงเทพฯ :^bวิทยาลัยพยาบาลบรมราชชชนนี กรุงเทพ,^c2551
300    112 แผ่น
650  0 ความสุขในการทำงาน^xวิจัย
945    ^p0^l0^i032876
995    เกษร
999    ^aวิภา
รายการนี้ยังไม่มีแท็ก
คุณยังไม่ได้ล็อกอิน คุณสามารถมีกิจกรรมร่วมกับเว็บไซต์ได้ แต่ต้องล็อกอินก่อน ::
  ล็อกอิน

รายการสื่อสารสนเทศ

ลำดับที่ ประเภท เลขเรียก/บาร์โค้ด สถานที่ สถานะ
1. งานวิจัย
งานวิจัย
วจ.BF637 ม511ป  
  Barcode: 032876
ห้องสมุดวิทยาเขตสวรรค์ประชารักษ์
►วิจัย
ถูกยืม กำหนดส่งวันที่ 7 พฤษภาคม 2558
  จอง

BibComment


ยังไม่เคยถูกคอมเมนท์

คอมเมนท์ทรัพยากรรายการนี้
  คอมเมนท์: ปัจจัยที่มีอิทธิพ..


 Copyright 2026. Bcnsprnw @Library